|
|
|
|
| LEADER |
00000nab a2200000 ar4500 |
| 001 |
vtls008901669 |
| 003 |
SK-MaSNL |
| 005 |
20260319071403.0 |
| 008 |
061031c20061030xo ||||||o| 000 b|hun |
| 015 |
|
|
|a SNBRB2006/10
|2 snkbucl
|
| 038 |
|
|
|a SNKBUCL
|
| 040 |
|
|
|a DSZK
|b slo
|c DSZK
|e AACR2
|
| 041 |
0 |
|
|a hun
|
| 044 |
|
|
|a xo
|c SK
|
| 080 |
|
|
|a 78.071.2:784.66
|2 1997
|
| 080 |
|
|
|a 784.66
|2 1997
|
| 100 |
1 |
|
|a Puha, József,
|d 1974-
|4 aut
|9 841893
|
| 245 |
1 |
0 |
|a Kikötők - Nagy Tibor szerzői nagylemeze
|b harminchárom év termése legendás és mai előadók tolmácsolásában
|c Puha József
|
| 300 |
|
|
|b Fotogr.
|
| 600 |
1 |
7 |
|a Nagy, Tibor Magnus
|2 snkbucl
|9 1070130
|
| 630 |
0 |
7 |
|a Kikötők (nahrávka CD)
|2 snkbucl
|9 1070131
|
| 650 |
0 |
7 |
|a nahrávky CD
|2 snkbucl
|9 19639
|
| 655 |
|
7 |
|a recenzie
|2 snkbucl
|9 21907
|
| 773 |
0 |
|
|t Új szó
|g Évf. 59, sz. 250 (30.10.2006), o. 7
|
| 852 |
|
|
|a SNK
|b KIS3GCP
|
| 852 |
|
|
|a DSZK
|b KIS3GCP
|
| 958 |
|
|
|a HU
|
| 958 |
|
|
|a RC
|
| 999 |
|
|
|c 1759917
|d 1761847
|